00704nam a2200193 i 4500001000700000003000900007005001700016007000300033008004100036100004200077245010200119250002100221260005000242300002200292700003900314852002000353999001900373952011800392141271ES-MaACL20250823063109.0t|070920s1928 sp ||||1| spa d1 aVives, Juan Luis, d1492-1540911557410aDiálogos / cde Juan Luis Vives ; traducidos en lengua castellana por Critóbal Coret y Peris. aNueva edición. aMadrid : b[s.n.], c1928 (fImpr. "La Rafa") a266 p. ; c23 cm.1 aCoret y Peris, Cristóbal.940585 aES-MaACLjB-536 c141271d141271 00104070aATENEOMbATENEOMcSPBd2008-01-17eSCl0oB-536p1146996r2023-02-23 00:00:00w2023-02-23yMONOGRAFIA